| 000 | 00799nam a2200241Ia 4500 | ||
|---|---|---|---|
| 003 | GCL | ||
| 008 | 140319s9999 xx 000 0 ara d | ||
| 040 |
_aGCL / _cGCL |
||
| 082 | 0 | 4 |
_a953 _bع ع |
| 100 | 1 | _aعبادة بن عبدالرحمن رضا كحيلة | |
| 245 | 1 | 0 |
_aالعقد الثمين فى تاريخ المسلمين / _cعبادة بن عبدالرحمن رضا كحيلة |
| 300 | _a387 ص | ||
| 490 |
_aالهيئة العامة للاستعلامات _v0 |
||
| 650 | 0 | 4 | _aتاريخ |
| 650 | 0 | 4 | _aالاسلام |
| 650 | 0 | 4 | _aالصليبيون |
| 650 | 0 | 4 | _aالتاريخ الاسلامى |
| 650 | 0 | 4 | _aالدولة العباسية |
| 650 | 0 | 4 | _aالدولة الاموية |
| 650 | 0 | 4 | _aالخلافة الراشدة |
| 650 | 0 | 4 | _aالمغول |
| 942 |
_2ddc _cBK |
||
| 999 |
_c49164 _d49164 |
||